00701nam a2200229 a 450000100100000000500170001000800410002702000150006802000150008304000250009808200170012310000230014024500800016325000220024326000460026530000330031150000410034465000170038565000260040265000160042870000270044400001738120240502121040.0100323s2005 cu a r 000 0 spa d a9592583366 a9592583382 aDO-SdBNPbspacBNPHU a631.4bC136e1 aCairo Cairo, Pedro10aEdafología :bSegunda parte /cPedro Cairo Cairo, Onelio Fundora Herrera. a1ra reimpresión aLa Habana, Cuba :bFélix Varela,c2005. axvi, 476 p. :bil. ;c21 cm. aIncluye bibliografía (p. 475-476). 4aEdafología 4aGeografía del suelo 0aAgricultura1 aFundora Herrera, Oneli